[Event "Crete-chT"]
[Site "Crete"]
[Date "2018.04.29"]
[Round "7.8"]
[White "Diapetis, Alexandros"]
[Black "Mamoulakis, Eleftherios"]
[Result "1/2-1/2"]
[WhiteElo "1994"]
[BlackElo "2030"]
[PlyCount "77"]
[EventDate "2018.04.09"]
[EventType "team-tourn"]
[EventRounds "7"]
[EventCountry "GRE"]
[SourceTitle "EXT 2019"]
[Source "ChessBase"]
[SourceDate "2018.10.10"]
[SourceVersion "1"]
[SourceVersionDate "2018.10.10"]
[SourceQuality "1"]

1. d4 Nf6 2. c4 e6 3. Nc3 Bb4 4. e3 c5 5. Nge2 d5 6. a3 Bxc3+ 7. Nxc3 cxd4 8. Qxd4 Nc6 9. Qd1 0-0 10. cxd5 exd5 11. Be2 Bf5 12. Nb5 Be4 13. 0-0 Qb6 14. b3 a6 15. Nd4 Nxd4 16. exd4 Rac8 17. b4 Bc2 18. Qe1 Qxd4 19. Be3 Qe5 20. Bc5 Rfe8 21. Bf3 Be4 22. Qd1 Bxf3 23. Qxf3 Ne4 24. Be3 Rc3 25. Rfd1 Rec8 26. Qg4 Qe6 27. Qh5 Nf6 28. Qg5 h6 29. Qf4 R3c4 30. Bd4 Qe4 31. Qxe4 dxe4 32. h3 Nh7 33. Bc5 Nf8 34. Rd6 Ne6 35. Be3 R8c6 36. Rd7 Rc7 37. Rd6 R4c6 38. Rd5 b5 39. Kf1 1/2-1/2

[Event "Heraklion op 21st"]
[Site "Heraklion"]
[Date "2017.09.04"]
[Round "2"]
[White "Xirouhakis, Emmanouil"]
[Black "Mamoulakis, Eleftherios"]
[Result "0-1"]
[WhiteElo "1428"]
[BlackElo "2089"]
[PlyCount "138"]
[EventDate "2017.09.03"]
[EventType "swiss"]
[EventRounds "9"]
[EventCountry "GRE"]
[SourceTitle "CBM 180 Extra"]
[Source "ChessBase"]
[SourceDate "2017.10.06"]
[SourceVersion "1"]
[SourceVersionDate "2017.10.06"]
[SourceQuality "1"]

1. c4 e6 2. b3 d5 3. e3 Nf6 4. Bb2 Be7 5. Nf3 0-0 6. Be2 c5 7. d4 cxd4 8. Bxd4 Nc6 9. Bb2 Bb4+ 10. Bc3 dxc4 11. 0-0 Qxd1 12. Rxd1 cxb3 13. axb3 Nd5 14. Bxb4 Ncxb4 15. Nd4 b6 16. Bf3 Bb7 17. Na3 Rfd8 18. Rac1 Rac8 19. Nc4 Ba6 20. Ne5 Rxc1 21. Rxc1 Kf8 22. h3 Rc8 23. Ra1 b5 24. Ra5 Rc1+ 25. Kh2 Nc7 26. Nec6 Nxc6 27. Nxc6 Rc3 28. Nb4 Bc8 29. Rxa7 Ke7 30. Nc6+ Kd6 31. Nd4 e5 32. Ne2 Rxb3 33. Ra2 Be6 34. Rd2+ Kc5 35. Nc1 Rb1 36. Nd3+ Kd6 37. Be4 Ra1 38. Nb4+ Ke7 39. Nc6+ Kf6 40. Nb4 Ra4 41. Nd5+ Nxd5 42. Bxd5 Bxd5 43. Rxd5 b4 44. Rb5 Ke6 45. Kg3 Kd6 46. Rb8 Kc7 47. Rb5 Kc6 48. Rb8 Kc5 49. Rb7 Kc4 50. Rc7+ Kd3 51. Rb7 Kc3 52. Rc7+ Kb2 53. Rxf7 b3 54. Rb7 Ka2 55. Rxg7 b2 56. Rb7 b1Q 57. Rxb1 Kxb1 58. f4 e4 59. f5 Kc2 60. Kf4 Kd3 61. g4 Ra1 62. g5 Rf1+ 63. Ke5 Kxe3 64. g6 hxg6 65. fxg6 Rg1 66. Kf6 Kd3 67. h4 e3 68. h5 e2 69. h6 e1Q 0-1

[Event "Heraklion op 20th"]
[Site "Heraklion"]
[Date "2017.04.21"]
[Round "6"]
[White "Mamoulakis, Eleftherios"]
[Black "Galanakis, Nikos"]
[Result "1-0"]
[WhiteElo "2117"]
[BlackElo "1588"]
[PlyCount "81"]
[EventDate "2017.04.17"]
[EventType "swiss"]
[EventRounds "9"]
[EventCountry "GRE"]
[SourceTitle "CBM 177 Extra"]
[Source "ChessBase"]
[SourceDate "2017.04.27"]
[SourceVersion "1"]
[SourceVersionDate "2017.04.27"]
[SourceQuality "1"]

1. Nf3 b5 2. d4 Bb7 3. e3 a6 4. c4 bxc4 5. Bxc4 e6 6. Nc3 Nf6 7. 0-0 d6 8. d5 e5 9. e4 Nbd7 10. Qe2 Be7 11. h3 Nb6 12. Bd3 Qd7 13. Be3 0-0 14. Rac1 Rfb8 15. b3 Bd8 16. Nd2 Qe8 17. Nc4 Nxc4 18. Bxc4 Nd7 19. Bd3 Nb6 20. Rc2 f6 21. Rfc1 Qg6 22. Qg4 Qf7 23. f4 Bc8 24. Qg3 Nd7 25. f5 Nb6 26. Qf3 Bb7 27. Qe2 Kh8 28. a4 Kg8 29. a5 Nc8 30. b4 Ne7 31. b5 axb5 32. Nxb5 Rxa5 33. Nxc7 Bxc7 34. Rxc7 Qe8 35. Rb1 Nxd5 36. Rcxb7 Rxb7 37. Rxb7 Nxe3 38. Qxe3 h6 39. Qb6 Ra1+ 40. Kh2 Rd1 41. Rb8 1-0

[Event "Heraklion op 20th"]
[Site "Heraklion"]
[Date "2017.04.18"]
[Round "2"]
[White "Mamoulakis, Eleftherios"]
[Black "Vitsaxakis, Nikolaos"]
[Result "1-0"]
[WhiteElo "2117"]
[BlackElo "1726"]
[PlyCount "83"]
[EventDate "2017.04.17"]
[EventType "swiss"]
[EventRounds "9"]
[EventCountry "GRE"]
[SourceTitle "CBM 177 Extra"]
[Source "ChessBase"]
[SourceDate "2017.04.27"]
[SourceVersion "1"]
[SourceVersionDate "2017.04.27"]
[SourceQuality "1"]

1. Nf3 Nf6 2. g3 d5 3. Bg2 c5 4. d3 Nc6 5. Nbd2 e5 6. e4 Be7 7. 0-0 h6 8. exd5 Nxd5 9. Nc4 Bf6 10. Nfxe5 Nce7 11. Re1 0-0 12. c3 Rb8 13. d4 cxd4 14. cxd4 Bf5 15. a3 b5 16. Ne3 Be6 17. N3g4 Rc8 18. Nxf6+ Nxf6 19. Be3 Ned5 20. Rc1 Qb6 21. Qd2 a5 22. Rxc8 Rxc8 23. Rc1 Rb8 24. Rc6 Qa7 25. Rxe6 fxe6 26. Nc6 Qb6 27. Nxb8 Qxb8 28. Qxa5 b4 29. axb4 Nxb4 30. Qe5 Qxe5 31. dxe5 Ng4 32. Bd4 Nd3 33. f4 h5 34. Be4 Nc1 35. Kg2 Nb3 36. Bg1 Kf7 37. h3 Nh6 38. Bc2 Na5 39. b4 Nc4 40. b5 Nf5 41. b6 Na5 42. Be4 1-0

[Event "Heraklion op 18th"]
[Site "Heraklion"]
[Date "2016.09.05"]
[Round "4"]
[White "Mamoulakis, Eleftherios"]
[Black "Kasparov, Sergey"]
[Result "0-1"]
[WhiteElo "2098"]
[BlackElo "2475"]
[PlyCount "78"]
[EventDate "2016.09.03"]
[EventType "swiss"]
[EventRounds "9"]
[EventCountry "GRE"]
[SourceTitle "CBM 174 Extra"]
[Source "ChessBase"]
[SourceDate "2016.10.10"]
[SourceVersion "1"]
[SourceVersionDate "2016.10.10"]
[SourceQuality "1"]

1. Nf3 Nf6 2. g3 b5 3. Bg2 Bb7 4. 0-0 e6 5. b3 c5 6. c4 b4 7. Bb2 Be7 8. d3 0-0 9. Nbd2 d6 10. Qc2 a5 11. Rad1 Nbd7 12. d4 cxd4 13. Nxd4 Bxg2 14. Kxg2 Qb6 15. N4f3 Rfc8 16. Qb1 a4 17. Bd4 Qb7 18. h3 axb3 19. axb3 d5 20. Kg1 Bc5 21. Qb2 Bxd4 22. Nxd4 Nc5 23. Ra1 h6 24. Rxa8 Rxa8 25. Ra1 e5 26. Rxa8+ Qxa8 27. Nc2 Qb8 28. cxd5 Nxd5 29. Nc4 Nc3 30. e3 Nd3 31. Qa1 Ne4 32. Qa5 Nexf2 33. Nxb4 Nxh3+ 34. Kh2 Nxb4 35. Kxh3 Nd3 36. Qc3 Qc8+ 37. Kg2 Qf5 38. Nd2 e4 39. Nc4 Qf3+ 0-1

[Event "Heraklion Galaxy op 1st"]
[Site "Heraklion"]
[Date "2011.01.08"]
[Round "6"]
[White "Stavrianakis, Ioannis"]
[Black "Mamoulakis, Eleftherios"]
[Result "1-0"]
[WhiteElo "2259"]
[BlackElo "2134"]
[PlyCount "65"]
[EventDate "2011.01.04"]
[EventType "swiss"]
[EventRounds "7"]
[EventCountry "GRE"]
[SourceTitle "EXT 2024"]
[Source "ChessBase"]
[SourceDate "2023.10.10"]
[SourceVersion "1"]
[SourceVersionDate "2023.10.10"]
[SourceQuality "1"]

1. d4 d5 2. Nf3 e6 3. c4 Be7 4. Nc3 Nf6 5. Bg5 0-0 6. e3 Nbd7 7. Qc2 h6 8. Bh4 b6 9. cxd5 exd5 10. Be2 Bb7 11. 0-0 c6 12. Rac1 Re8 13. Rfd1 Bd6 14. a3 Rc8 15. Qa4 a5 16. Qb3 b5 17. Bd3 Qe7 18. Qc2 g5 19. Bg3 Bxg3 20. hxg3 Ne4 21. Bxe4 dxe4 22. Nd2 Nf6 23. Nb3 Ra8 24. Nc5 Bc8 25. b4 Bf5 26. d5 Nxd5 27. Nxd5 cxd5 28. Rxd5 Bg6 29. Qb2 axb4 30. axb4 Ra7 31. Qd4 f6 32. Rd6 Kg7 33. Nd7 1-0